LEADER 04121nam 22007572 450 001 9910462042703321 005 20151005020623.0 010 $a1-139-36607-6 010 $a1-280-87798-7 010 $a1-139-37863-5 010 $a9786613719294 010 $a1-139-00506-5 010 $a1-139-37577-6 010 $a1-139-38006-0 010 $a1-139-37178-9 010 $a1-139-37720-5 035 $a(CKB)2670000000209350 035 $a(EBL)880742 035 $a(OCoLC)794731501 035 $a(SSID)ssj0000677142 035 $a(PQKBManifestationID)11474998 035 $a(PQKBTitleCode)TC0000677142 035 $a(PQKBWorkID)10693890 035 $a(PQKB)10263326 035 $a(UkCbUP)CR9781139005067 035 $a(MiAaPQ)EBC880742 035 $a(PPN)230964087 035 $a(Au-PeEL)EBL880742 035 $a(CaPaEBR)ebr10574329 035 $a(CaONFJC)MIL371929 035 $a(EXLCZ)992670000000209350 100 $a20110131d2012|||| uy| 0 101 0 $aeng 135 $aur||||||||||| 181 $ctxt$2rdacontent 182 $cc$2rdamedia 183 $acr$2rdacarrier 200 10$aCorporate social responsibility of multinational corporations in developing countries $eperspectives on anti-corruption /$fAdefolake Adeyeye$b[electronic resource] 210 1$aCambridge :$cCambridge University Press,$d2012. 215 $a1 online resource (xxi, 223 pages) $cdigital, PDF file(s) 300 $aTitle from publisher's bibliographic system (viewed on 05 Oct 2015). 311 $a1-107-01362-3 320 $aIncludes bibliographical references (p. 198-216) and index. 327 $apt. I. Corporate Social Responsibility and Anti-Corruption -- Corporate social responsibility -- Anti-corruption as a CSR standard -- pt. II. Special Focus on Mechanisms for Curbing International Corruption from a CSR Perspective -- Global governance -- International law -- Civil remedies -- Corporate governance -- Implications of selected anti-corruption mechanisms in the context of developing countries and CSR. 330 $aThe increasing importance of CSR means that companies must consider multi-stakeholder interests as well as the social, political, economic, environmental and developmental impact of their actions. However, the pursuit of profits by multinational corporations has led to a series of questionable corporate actions and the consequences of such practices are particularly evident in developing countries. Adefolake Adeyeye explores how CSR has evolved to aid the anti-corruption campaign. By examining voluntary rules applicable for curbing corruption, particularly bribery and analysing the domestic and extra-territorial laws of Nigeria, United Kingdom and the United States for holding corporations liable for bribery, she assesses the adequacy of international law's approach towards corporate liability for bribery and explores direct corporate responsibility for international corruption. The roles of corporate governance, global governance and civil liability in curbing corporate corrupt practices are given special focus. 606 $aInternational business enterprises$xLaw and legislation 606 $aCorporate governance$xLaw and legislation 606 $aSocial responsibility of business 606 $aInternational business enterprises$xCorrupt practices$zDeveloping countries 606 $aCorruption$zDeveloping countries$xPrevention 615 0$aInternational business enterprises$xLaw and legislation. 615 0$aCorporate governance$xLaw and legislation. 615 0$aSocial responsibility of business. 615 0$aInternational business enterprises$xCorrupt practices 615 0$aCorruption$xPrevention. 676 $a346/.0664 686 $a40.04.32$2EP-CLASS 686 $a12.20.04$2EP-CLASS 686 $a16.32$2EP-CLASS 700 $aAdeyeye$b Adefolake$f1972-$01031858 801 0$bUkCbUP 801 1$bUkCbUP 906 $aBOOK 912 $a9910462042703321 996 $aCorporate social responsibility of multinational corporations in developing countries$92449398 997 $aUNINA LEADER 03011oam 2200637I 450 001 9910465255203321 005 20200520144314.0 010 $a1-283-58928-1 010 $a9786613901736 010 $a0-203-85489-6 010 $a1-136-99376-2 024 7 $a10.4324/9780203854891 035 $a(CKB)2560000000092871 035 $a(EBL)1020271 035 $a(OCoLC)811504673 035 $a(SSID)ssj0000724280 035 $a(PQKBManifestationID)11464754 035 $a(PQKBTitleCode)TC0000724280 035 $a(PQKBWorkID)10713599 035 $a(PQKB)10903039 035 $a(OCoLC)810082508 035 $a(MiAaPQ)EBC1020271 035 $a(Au-PeEL)EBL1020271 035 $a(CaPaEBR)ebr10598523 035 $a(CaONFJC)MIL390173 035 $a(EXLCZ)992560000000092871 100 $a20180706d2011 uy 0 101 0 $aeng 135 $aur|n|---||||| 181 $ctxt 182 $cc 183 $acr 200 04$aThe biographical encyclopedia of American radio /$fChristopher H. Sterling, editor ; Cary O'Dell, assistant editor ; Michael C. Keith, consulting editor 205 $aConcise and rev. ed. 210 1$aNew York :$cRoutledge,$d2011. 215 $a1 online resource (481 p.) 300 $a"This volume, the second of two, is an updated excerpt from the three-volume Encyclopedia of radio published in 2003"--P. vi. 311 $a0-415-99549-3 320 $aIncludes bibliographical references and index. 327 $aTHE BIOGRAPHICAL ENCYCLOPEDIA OF AMERICAN RADIO; Copyright; Contents; Editor's Introduction; Acknowledgements; Radio's People and Personalities: Suggested Further Reading; Advisers 2003 Edition; Contributors 2003 Edition; List of Entries; Biographical Encyclopedia of Radio; A; B; C; D; E; F; G; H; I; J; K; L; M; N; O; P; Q; R; S; T; V; W; Z; Index 330 $aThe Biographical Encyclopedia of American Radio presents the very best biographies of the internationally acclaimed three-volume Encyclopedia of Radio in a single volume. It includes more than 200 biographical entries on the most important and influential American radio personalities, writers, producers, directors, newscasters, and network executives. With 23 new biographies and updated entries throughout, this volume covers key figures from radio's past and present including Glenn Beck, Jessie Blayton, Fred Friendly, Arthur Godfrey, Bob Hope, Don Imus, Rush Limbaugh, Ryan Seacrest 606 $aRadio broadcasting$vBiography$vEncyclopedias 606 $aRadio broadcasting$xHistory 608 $aElectronic books. 615 0$aRadio broadcasting 615 0$aRadio broadcasting$xHistory. 676 $a791.440922 701 $aKeith$b Michael C.$f1945-$0725590 701 $aO'Dell$b Cary$f1968-$0887307 701 $aSterling$b Christopher H.$f1943-$0143197 801 0$bFlBoTFG 801 1$bFlBoTFG 906 $aBOOK 912 $a9910465255203321 996 $aThe biographical encyclopedia of American radio$91982255 997 $aUNINA